| 000 | 01031naa a22002777a 4500 | ||
|---|---|---|---|
| 001 | BR9205100 | ||
| 003 | BR-BrBNA | ||
| 005 | 20240918180729.0 | ||
| 007 | ta | ||
| 008 | 230509b bl.||||| |||| 00| 0 por d | ||
| 040 |
_aBR-BrBNA _bpor _cBiblioteca Nacional de Agricultura |
||
| 041 | _a(Pt) | ||
| 072 |
_aQ02 _b9725 |
||
| 090 | _aQ02 BR9205100 | ||
| 100 | 1 | _aSchneider, I.S. | |
| 245 | 1 | _aA aplicacao do sal como conservador de alimentos | |
| 260 | 3 |
_aSao Paulo, SP (Brasil): _c1969. |
|
| 500 | _aBarbuto, O.J.M. (coord.) Curso de especializacao em higiene da carne Sao Paulo, SP (Brasil): 1969. p. 65-72 (BR9205100-AM)Q02 | ||
| 650 | _aCARNE SALGADA | ||
| 650 | _aSAL | ||
| 650 | _aSALGA | ||
| 650 | _aPRESERVACAO DE ALIMENTO | ||
| 773 | 0 |
_tCurso de especializacao em higiene da carne _aBarbuto, O.J.M. (coord.). Universidade de Sao Paulo, Sao Paulo (Brasil). Faculdade de Medicina Veterinaria _wQ02 BR9205100 _gSao Paulo, SP (Brasil), 1969. p. 65-72 |
|
| 909 |
_a202404 _bLucia _c55 _dLucia Elande |
||
| 942 |
_cAM _2AGRIS |
||
| 999 |
_c321867 _d321867 |
||